|
|
|
|
| LEADER |
00000nab a2200000 a 4500 |
| 001 |
vtls011111214 |
| 003 |
SK-MaSNL |
| 005 |
20260303150439.0 |
| 008 |
230222|2000 xo |||||||||||||||||slo| |
| 015 |
|
|
|a SNBRB
|
| 035 |
|
|
|a (uuid)840e786c-bd82-49c4-9936-9c0005dd3de1
|
| 035 |
|
|
|a (urnnbn)urn:nbn:sk:snk:ar-a08f8e
|
| 035 |
|
|
|a urn:nbn:sk:snk-ab9hvb
|
| 040 |
|
|
|a SNKBUCL
|b slo
|c SNKBUCL
|e AACR2
|
| 041 |
0 |
|
|a slo
|
| 044 |
|
|
|a xo
|c SK
|
| 100 |
1 |
|
|a Šalgovičová, Jarmila,
|d 1950-
|4 aut
|9 208071
|
| 245 |
1 |
0 |
|a VPLYV KULTÚRNYCH FAKTOROV NA KVALITU KOMUNIKÁCIE SO ZÁKAZNÍKOM V PODNIKU
|c Jarmila Šalgovičová
|
| 773 |
0 |
|
|t Vedecké práce Materiálovotechnologickej fakulty Slovenskej technickej univerzity v Bratislave so sídlom v Trnave
|g Č. 8 (2000), s. 101-106
|
| 954 |
|
|
|a odborná, vedecká literatúra pôvodná (slovenská)
|2 lita
|
| 958 |
|
|
|a OND
|
| 958 |
|
|
|a EUIPO
|
| 958 |
|
|
|a article13
|
| 999 |
|
|
|c 2010750
|d 2012680
|